00427nam a2200157Ia 4500003000400000008004100004040001600045082001600061100002000077245005500097700002100152260004800173300001000221650002000231650001800251GCL140319s9999 xx 000 0 eng d aGCL / cGCL04a613.94bS C1 aSZAREWSKI, ANNE10aCONTRACEPTION: A USER HANDBOOK / cSZAREWSKI, ANNE1 aGUILLEBAUD, JOHN a[S.N] : bOXFORD UNIVERSITY PRESS ، c1994 a264 P04aPOPULAR - WORKS04aCONTRACEPTION